Vishnutatva Nirnayasara (Record no. 1353)

MARC details
000 -LEADER
fixed length control field 00345nam a22001217a 4500
008 - FIXED-LENGTH DATA ELEMENTS--GENERAL INFORMATION
fixed length control field 260429b |||||||| |||| 00| 0 eng d
082 ## - DEWEY DECIMAL CLASSIFICATION NUMBER
Classification number 001965
100 ## - MAIN ENTRY--PERSONAL NAME
Personal name Shri Vishvesha Tirtha Samshodhana Kendra,
245 ## - TITLE STATEMENT
Title Vishnutatva Nirnayasara
260 ## - PUBLICATION, DISTRIBUTION, ETC.
Place of publication, distribution, etc. Bengaluru
Name of publisher, distributor, etc. Shri Vishvesha Tirtha Samshodhana Kendra,
Date of publication, distribution, etc. 2023
300 ## - PHYSICAL DESCRIPTION
Extent 288p
942 ## - ADDED ENTRY ELEMENTS (KOHA)
Source of classification or shelving scheme Dewey Decimal Classification
Holdings
Withdrawn status Lost status Source of classification or shelving scheme Damaged status Not for loan Home library Current library Shelving location Date acquired Source of acquisition Inventory number Total Checkouts Full call number Barcode Date last seen Price effective from Koha item type
    Dewey Decimal Classification     Karnataka Samskrit University Library Karnataka Samskrit University Library General Stacks 03/06/2025 Shri Vishvesha Tirtha Samshodhana Kendra, 140   001965 001965 04/29/2026 04/29/2026 Books

Powered by Koha